Central Library OPAC University of Rajshahi

Spicer & Pegler's Income tax and profits tax / (Record no. 3276)

MARC details
000 -LEADER
fixed length control field 00829nam a2200265 a 4500
001 - CONTROL NUMBER
control field 3276
003 - CONTROL NUMBER IDENTIFIER
rucl marc code BD-RjUL
005 - DATE AND TIME OF LATEST TRANSACTION
control field 20211208233714.0
008 - FIXED-LENGTH DATA ELEMENTS--GENERAL INFORMATION
fixed length control field 131218r19651907enk 001 0 eng
035 ## - SYSTEM CONTROL NUMBER
System control number (BD-RjUL)3310
040 ## - CATALOGING SOURCE
Original cataloging agency DLC
Transcribing agency KWiU
Modifying agency DLC
-- BD-RjUL
Language of cataloging eng
041 ## - LANGUAGE CODE
Language code of text/sound track or separate title eng
082 ## - DEWEY DECIMAL CLASSIFICATION NUMBER
Edition number 23
Classification number 336.240941
Author mark and year WIS 1965
100 1# - MAIN ENTRY--PERSONAL NAME
Personal name Wilson, H. A. R. J.
9 (RLIN) 10343
245 10 - TITLE STATEMENT
Title Spicer & Pegler's Income tax and profits tax /
Statement of responsibility, etc. H. A. R. J. Wilson.
250 ## - EDITION STATEMENT
Edition statement 26th ed.
260 ## - PUBLICATION, DISTRIBUTION, ETC. (IMPRINT)
Place of publication, distribution, etc. London :
Name of publisher, distributor, etc. H.F.L.,
Date of publication, distribution, etc. 1907 [Reprint 1965].
300 ## - PHYSICAL DESCRIPTION
Pagination xlvii, 726 p.
Size 23 cm.
504 ## - BIBLIOGRAPHY, ETC. NOTE
Bibliography, etc Includes Index.
650 #0 - SUBJECT ADDED ENTRY--TOPICAL TERM
Topical term or geographic name as entry element Income tax
General subdivision Law and legislation
Geographic subdivision Great Britain.
9 (RLIN) 9381
Topical term or geographic name as entry element Business tax
Geographic subdivision Great Britain.
9 (RLIN) 10344
700 1# - ADDED ENTRY--PERSONAL NAME
Personal name CARMICHAEL,K.S.
710 1# - ADDED ENTRY--CORPORATE NAME
Corporate name or jurisdiction name as entry element Great Britain.
Form subheading Laws, statutes, etc.
9 (RLIN) 7580
942 ## - ADDED ENTRY ELEMENTS (KOHA)
Source of classification or shelving scheme Dewey Decimal Classification
Koha item type Books
Holdings
Lost status Source of classification or shelving scheme Damaged status Not for loan Collection code Permanent Location Current Location Shelving location Date acquired Source of acquisition Cost, normal purchase price Total Checkouts Full call number Date last seen Copy number Koha item type
  Dewey Decimal Classification     Non-fiction Central Library, University of Rajshahi Central Library, University of Rajshahi   01/04/1974 B.N.B.C 0.00   336.240941 WIS 1965 18/12/2013 C-3 Books